000 00700nab a2200193 4500
001 244442
003 OSt
005 20231120122210.0
007 tu
008 200917s2020|||||||
040 _aDE-2950
_cDE-2950
245 0 0 _aMarkendorfer Straße ist dicht
_bSperrung. Warnbaken stehen auf der wichtigen Verbindungsstraße in Frankfurt (O). Doch nicht alle Autofahrer haben bisher von der Brückensanierung in der Markendorfer Straße gehört/
_cPhilipp Stepputtis
264 _c2023
653 _aFrankfurt (Oder)
653 _aMarkendorfer Straße
653 _aBrückensanierung
773 0 _g34. Jahrgang (2023) Nr. 266 vom 15.11.2023, S. 15; mit Foto
_tMärkische Oderzeitung
942 _2z
_cA
999 _c372831
_d372831